00527nam a22001817a 450000500170000001000150001702000220003203500130005403700130006708200130008010000230009324500700011626000370018627000570022330000240028065000210030465000200032520100813141834.0 aENG-100213 a8177354299c75.00 aEN-83745 bDBAD/PUB a338.9773 aSaravana Kumar, M. aEconomic strategy of eleventh five year plan /cby Saravana Kumar aChennaibPavai Publicationc2008 a142, Jani Jan Khan Road, RoyapettahbChennaie600014 ax,161p.c21cm (pbk) aEconomic History aEconomic Policy